000 02925cam a2200469 i 4500
001 data
005 20260322212107.0
008 data
035 _a22952400
906 _a7
_bcbc
_ccopycat
_d2
_encip
_f20
_gy-gencatlg
925 0 _aacquire
_b1 shelf copy
_xpolicy default
010 _a 2022418351
015 _aGBC283785
_2bnb
016 7 _a020581531
_2Uk
020 _a9789004521490
_qpaperback
020 _a9004521496
_qpaperback
035 _a(OCoLC)1328023140
040 _aUKMGB
_beng
_cUKMGB
_erda
_dDLC
_dYDX
_dHVL
_dTXQ
_dDLC
042 _alccopycat
050 0 0 _aKZ7050
_b.S33 2022
082 0 4 _a345
_223
100 1 _aSchabas, William,
_d1950-
_eauthor.
_1https://isni.org/isni/0000000121194332
245 1 0 _aRelationships between international criminal law and other branches of international law /
_cWilliam A. Schabas.
264 1 _aLeiden :
_bBrill Nijhoff,
_c2022.
264 4 _c©2022
300 _a261 pages ;
_c18 cm
336 _atext
_btxt
_2rdacontent
337 _aunmediated
_bn
_2rdamedia
338 _avolume
_bnc
_2rdacarrier
490 1 _aPocketbooks of the Hague Academy of International Law
504 _aIncludes bibliographical references.
505 0 _aChapter 1. Introduction -- Chapter 2. General international law -- Chapter 3. International humanitarian law -- Chapter 4. Refugee law -- Chapter 5. Human rights law and international criminal law -- Chapter 6. Conclusions
520 _aThis course investigates the relationships between international criminal law and other branches of international law. It begins by examining four issues of general international law: the principal sources of international law, jurisdiction and immunities, State responsibility, and use of force. It then explores internationalhumanitarian law, focusing on definitions of war crimes and difficulties in linking IHL and ICL. Next, it examines refugee law, paying particular attention to the exclusion of war criminals from refugee protection and to international crimes that may be related to the rights and treatment of refugees. The final chapter explores the relationship between ICL and human rights law, examining the position of human rights within the Rome Statute of the ICC, as well as the human rights aspects of genocide, crimes against humanity, various procedural rights relating to fair international trials and the contribution of human rights fact-finding mechanisms.
650 0 _aInternational criminal law.
650 0 _aInternational law.
650 0 _aInternational law and human rights.
650 7 _aInternational criminal law.
_2fast
_0(OCoLC)fst01784719
650 7 _aInternational law.
_2fast
_0(OCoLC)fst00976984
650 1 7 _aInternational law and human rights.
_2fast
_0(OCoLC)fst01894145
830 0 _aPocketbooks of the Hague Academy of International Law.
999 _c1575
_d1575